1520 1959 1206 1044 1395 1311 1308 1587 1067 1360 1347 1356 1453 1176 1135 1139 1164 1167 1885 1134 1757 1805 1552 1449 1258 1760 1287 1835 1767 1114 1559 1558 1351 1094 1938 1515 1674 1758 1712 1846 1016 1575 1722 1044 1421 1391 1413 1704 1673 1999 1026 1305 1834 1927 1270 1515 1378 1591 1499 1588 1795 1901 1928 1972 1402 1211 1484 1129 1579 1863 1829 1136 1467 1307 1363 1887 1874 1365 1391 1401 1306 1221 1129 1107 1408 1557 1347 1444 1420 1780 1647 1941 1453 1321 1641 1637 1336 1737 1209 BCNSPRNW ULIB Ver.6.0+V

เปลี่ยนเป็นภาษาไทย

Change to English
 แสดงรายละเอียดบรรณานุกรม
  กลับหน้าหลัก

Brief Record : Get Marc (ISO 2709) : E-mail record : QR code < ปิดหน้าต่าง
LEADER : 00000nam 2200000uu 4500
001    13399125344
003     ULIB
008    170505s2558||||th 000 0 tha d
020    ^a9786163948991
060  0 ^aWL500^bส485บ
100 0  ^aบุษบา ปันยารชุน
245 10 ^aเส้นประสาทสมองและก้านสมองเชิงประยุกต์ /^bบุษบา ปันยารชุน
260    ^aกรุงเทพฯ :^bจุฬาลงกรณ์มหาวิทยาลัย;^c2558
300    ^a190 หน้า: ^bภาพประกอบ:^c26 : ซม
650  4 ^aประสาทกายวิภาคศาสตร์
650  4 ^aเส้นประสาทสมอง
650  4 ^aก้านสมอง
945    ^p0^l0^i002053
945    ^p0^l0^i002054
945    ^p0^l0^i002055
945    ^p0^l0^i002056
945    ^p0^l0^i002057
999    ^aวรรณษา ชูชัยมงคล
รายการนี้ยังไม่มีแท็ก
คุณยังไม่ได้ล็อกอิน คุณสามารถมีกิจกรรมร่วมกับเว็บไซต์ได้ แต่ต้องล็อกอินก่อน ::
  ล็อกอิน

รายการสื่อสารสนเทศ

ลำดับที่ ประเภท เลขเรียก/บาร์โค้ด สถานที่ สถานะ
1. วิทยาศาสตร์การแพทย์ และสุขภาพ
วิทยาศาสตร์การแพทย์ และสุขภาพ
สถานะ=หนังสือเก่า
WL500 ส485บ ฉ.1 
  Barcode: 002053
ห้องสมุดวิทยาเขตสวรรค์ประชารักษ์
►ส่วนจัดเก็บหนังสือเก่า สปร
บนชั้น
  ขอยืม
2. วิทยาศาสตร์การแพทย์ และสุขภาพ
วิทยาศาสตร์การแพทย์ และสุขภาพ
สถานะ=หนังสือเก่า
WL500 ส485บ ฉ.2 
  Barcode: 002054
ห้องสมุดวิทยาเขตสวรรค์ประชารักษ์
►ส่วนจัดเก็บหนังสือเก่า สปร
บนชั้น
  ขอยืม
3. วิทยาศาสตร์การแพทย์ และสุขภาพ
วิทยาศาสตร์การแพทย์ และสุขภาพ
สถานะ=หนังสือเก่า
WL500 ส485บ ฉ.3 
  Barcode: 002055
ห้องสมุดวิทยาเขตสวรรค์ประชารักษ์
►ส่วนจัดเก็บหนังสือเก่า สปร
บนชั้น
  ขอยืม
4. วิทยาศาสตร์การแพทย์ และสุขภาพ
วิทยาศาสตร์การแพทย์ และสุขภาพ
สถานะ=หนังสือเก่า
WL500 ส485บ ฉ.4 
  Barcode: 002056
ห้องสมุดวิทยาเขตสวรรค์ประชารักษ์
►ส่วนจัดเก็บหนังสือเก่า สปร
บนชั้น
  ขอยืม
5. วิทยาศาสตร์การแพทย์ และสุขภาพ
วิทยาศาสตร์การแพทย์ และสุขภาพ
สถานะ=หนังสือเก่า
WL500 ส485บ ฉ.5 
  Barcode: 002057
ห้องสมุดวิทยาเขตสวรรค์ประชารักษ์
►ส่วนจัดเก็บหนังสือเก่า สปร
บนชั้น
  ขอยืม

รายการใกล้เคียง
    ผู้แต่ง [บุษบา ปันยารชุน]

    หัวเรื่อง [ประสาทกายวิภาคศาสตร์]

BibComment


ยังไม่เคยถูกคอมเมนท์

คอมเมนท์ทรัพยากรรายการนี้
  คอมเมนท์: เส้นประสาทสมองแล..


 Copyright 2026. Bcnsprnw @Library